00852ntm a22002177a 450000500170000000800410001704000280005808200170008610000190010324500660012226000090018830000310019750001900022859000110041865000470042965300230047665500090049994200080050899900170051695201010053320170809113804.0170802s2011 xx a frb 000 0 eng d aEG-ScBUEbengcEG-ScBUE04222a624bALI1 aAli, Nouran M.10aCinem(A) architecture fiction to reality /cby Nouran M. ali. c2011 axi, 59 p. :bill ;c28 cm. aA dissertation submitted to the faculty of engineering. the British university in Egypt, in partial Fulfillment of the requirements for the bachelor degree in Architectural Engineering  akarima 72BUEshaArchitectural EngineeringvProjects bENGARCcAugust2017 vSPRO 2ddc c25308d25280 00102ddc4070aMAINbMAINc2NDd2017-08-08l0o624 ALIp000046618r2025-07-15 00:00:00yPROJST